Indian Religious Thought (Record no. 88947)

MARC details
000 -LEADER
fixed length control field 00312pam a2200145 a 4500
020 ## - INTERNATIONAL STANDARD BOOK NUMBER
Terms of availability
041 ## - LANGUAGE CODE
Language code of text/sound track or separate title eng
082 ## - DEWEY DECIMAL CLASSIFICATION NUMBER
Item number RAD
100 ## - MAIN ENTRY--PERSONAL NAME
Personal name Radhakrishnan.
245 ## - TITLE STATEMENT
Title Indian Religious Thought
Medium Textual Documents
250 ## - EDITION STATEMENT
Edition statement 1979.
260 ## - PUBLICATION, DISTRIBUTION, ETC.
Place of publication, distribution, etc. Mumbai
Name of publisher, distributor, etc. Orient Paperbacks
300 ## - PHYSICAL DESCRIPTION
Extent 168pg.
930 ## - EQUIVALENCE OR CROSS-REFERENCE-UNIFORM TITLE HEADING [LOCAL, CANADA]
Uniform title 12044
Holdings
Withdrawn status Lost status Damaged status Not for loan Collection Home library Current library Date acquired Source of acquisition Cost, normal purchase price Total Checkouts Full call number Barcode Date last seen Copy number Price effective from Koha item type
          Yashwantrao Mohite College of Arts, Science And Commerce, Pune Yashwantrao Mohite College of Arts, Science And Commerce, Pune 30/06/2021 orient Paperbacks 175.00   RAD YMP-180799 24/02/2023 1 24/02/2023 Book